000 00847nmm a2200265 a 4500
001 ocm0001411848
003 TR-IsHL
005 20201028164032.0
008 160220s2014 tu tur
007 cr cn
020 _a9789756503218
035 _a1411848
_b(N$T)
050 0 4 _aPL248.B34
_bS8 2014
090 0 4 _aPL248.B34
_bS8 2014
100 1 _aBahadıroğlu, Yavuz
245 1 0 _aSunguroğlu: Çalınan hazine
_h[electronic resource] /
_cYavuz Bahadıroğlu
260 _aİstanbul :
_bNesil Yayınları,
_c2014
300 _a129 p.
650 4 _aDil ve Edebiyat
650 4 _aLanguage and Literature
650 0 _aTürk romanı
650 0 _aTurkish fiction
650 7 _aLITERARY COLLECTIONS / Middle Eastern
_2bisacsh
856 4 0 _uhttp://search.ebscohost.com/login.aspx?direct=true&scope=site&db=e011xww&AN=1411848
999 _c15506
_d15506